Evaluación del comportamiento de sistemas de distribución mediante la aplicación de criterios de confiabilidad

Đã lưu trong:
Chi tiết về thư mục
Tác giả chính: López J., Ismael
Định dạng: Không biết
Được phát hành: [San José, Costa Rica] 1981
Các nhãn: Thêm thẻ
Không có thẻ, Là người đầu tiên thẻ bản ghi này!

MARC

LEADER 00000 a2200000 4500
003 001656
005 20221231143745.0
008 140114s1981 c a m 000 ||s d
040 |c cru CEDI 
090 |a TFG 1080 
100 |a López J., Ismael  |9 13956 
245 |a Evaluación del comportamiento de sistemas de distribución mediante la aplicación de criterios de confiabilidad 
260 |c 1981  |a [San José, Costa Rica] 
300 |a 84 hojas :ilustraciones  
500 |a A la Cabeza de la portada. Universidad de Costa Rica. Facultad de Ingeniería. Escuela de Ingeniería Eléctrica. Proyecto Eléctrico 1 IE-502 
942 |c TFG 
999 |c 11338  |d 11338